[Event "Moravia-ch7 corr9800"]
[Site "Czech Republic"]
[Date "1998.??.??"]
[Round "?"]
[White "Hlavacek, Ladislav"]
[Black "Osladil, Jaroslav"]
[Result "0-1"]
[WhiteElo "2101"]
[BlackElo "2310"]
[PlyCount "62"]
[EventDate "1998.??.??"]
[EventType "tourn (corr)"]
[EventRounds "16"]
[EventCountry "CZE"]
[SourceTitle "Corr 2002"]
[Source "ChessBase"]
[SourceDate "2002.05.23"]
[SourceVersion "1"]
[SourceVersionDate "2002.05.23"]
[SourceQuality "1"]

1. d4 Nf6 2. Nc3 d5 3. Bg5 Nbd7 4. Nf3 h6 5. Bf4 a6 6. e3 e6 7. Bd3 c5 8. 0-0 Be7 9. Re1 0-0 10. Ne5 Nxe5 11. dxe5 Nd7 12. Qg4 f5 13. exf6 Nxf6 14. Qg3 Nh5 15. Qg6 Nxf4 16. Qh7+ Kf7 17. exf4 Bf6 18. Bg6+ Ke7 19. Rad1 d4 20. Bh5 Kd6 21. Ne4+ Kc6 22. c3 Kb6 23. Bf3 Qc7 24. Nxf6 Rxf6 25. cxd4 cxd4 26. Rxd4 Ka7 27. Qe4 Rb8 28. Rc4 Qb6 29. Rec1 Bd7 30. Rb4 Bc6 31. a4 Bxe4 0-1

[Event "Moravia-ch7 corr9800"]
[Site "Czech Republic"]
[Date "1998.??.??"]
[Round "?"]
[White "Kuchta, Jiri"]
[Black "Osladil, Jaroslav"]
[Result "1-0"]
[WhiteElo "2166"]
[BlackElo "2310"]
[PlyCount "63"]
[EventDate "1998.??.??"]
[EventType "tourn (corr)"]
[EventRounds "16"]
[EventCountry "CZE"]
[SourceTitle "Corr 2002"]
[Source "ChessBase"]
[SourceDate "2002.05.23"]
[SourceVersion "1"]
[SourceVersionDate "2002.05.23"]
[SourceQuality "1"]

1. d4 Nf6 2. Nf3 g6 3. Bf4 Bg7 4. e3 0-0 5. Nbd2 d5 6. Be2 c6 7. 0-0 Nbd7 8. c4 Re8 9. Rc1 Nb6 10. c5 Nbd7 11. h3 Nh5 12. Bh2 Nf8 13. b4 Nf6 14. b5 Qa5 15. bxc6 bxc6 16. Ne5 Bd7 17. a4 Nh5 18. Rb1 Bxe5 19. Bxe5 f6 20. Bh2 e5 21. Bxh5 gxh5 22. Nf3 exd4 23. Nxd4 Qxc5 24. Qxh5 Rac8 25. Qf3 Kg7 26. Rb7 Re7 27. Bb8 Rf7 28. Qh5 Re7 29. Bxa7 Qa3 30. Rfb1 Ng6 31. Bc5 Qxc5 32. Rxd7 1-0